000 00165 a2200085 4500
041 _aspa
100 _aKraus, Robert
245 _aDe quien eres ratoncito?
942 _cBK
999 _c14044
_d14044